Phương pháp dạy học hóa học
Saved in:
| Main Author: | |
|---|---|
| Format: | Book |
| Tags: |
Add Tag
No Tags, Be the first to tag this record!
|
| Institutions: | Mạng thư viện Đại học Đà Nẵng |
|---|
| LEADER | 00572nam a2200205 4500 | ||
|---|---|---|---|
| 001 | 000008611 | ||
| 003 | 4802 | ||
| 005 | 20150812140858.0 | ||
| 008 | 111019s sd | ||
| 100 | 0 | |a Nguyễn Cương | |
| 245 | 0 | 0 | |a Phương pháp dạy học hóa học |c Nguyễn Cương |
| 774 | |a Nguyễn Cương |d Giáo dục |d H. |d 2000 |g T.2 |h 111tr. |w 4806 | ||
| OWN | |a LSP | ||
| 999 | |a From the UDN01 | ||
| TYP | |a Monograph | ||
| TYP | |a Printed language | ||
| 980 | |a Mạng thư viện Đại học Đà Nẵng | ||